Business Accounting (Record no. 6638)

MARC details
005 - DATE AND TIME OF LATEST TRANSACTION
control field 20250710090905.0
020 ## - INTERNATIONAL STANDARD BOOK NUMBER
International Standard Book Number 978-1-292-20862-6
082 ## - DEWEY DECIMAL CLASSIFICATION NUMBER
Classification number 657 WOO
100 ## - MAIN ENTRY--PERSONAL NAME
Author name WOOD'S, F.
245 ## - TITLE STATEMENT
Title Business Accounting
250 ## - EDITION STATEMENT
Edition statement 14th Ed.
260 ## - PUBLICATION, DISTRIBUTION, ETC.
Place of publication, distribution, etc. London,
Name of publisher, distributor, etc. Pearson,
Date of publication, distribution, etc. 2018.
300 ## - PHYSICAL DESCRIPTION
Extent xxii, 780p.: ill.; graph, picture, table.
Other physical details Glossary, index.
Dimensions 25cm.
700 ## - ADDED ENTRY--PERSONAL NAME
Other authors/Editors SANGSTER, A. & GORDON, L.
856 ## - ELECTRONIC LOCATION AND ACCESS
Link text Access online book
Electronic name Business Accounting
Path www.pearson.com/uk
942 ## - ADDED ENTRY ELEMENTS (KOHA)
Source of classification or shelving scheme Dewey Decimal Classification
Koha item type Books
Holdings
Date last seen Total checkouts Full call number Barcode Cost, replacement price Price effective from Koha item type Lost status Source of classification or shelving scheme Damaged status Not for loan Withdrawn status Home library Current library Shelving location Date acquired Cost, normal purchase price
07/10/2025   657 WOO 00000013254 216000.00 07/10/2025 Books   Dewey Decimal Classification       College of Business Education Main Library College of Business Education Main Library General Collection 06/26/2025 72000.00